000 00277nam a22001217a 4500
008 180928b xxu||||| |||| 00| 0 eng d
041 _aeng
080 _a510
100 _a36
101 _aMAT
245 _aAssessment in the mathematics classroom
_cWebb,N.L
942 _2udc
_cBK
999 _c48683
_d48683